|
|
|
|
| LEADER |
01170nam a2200277 a 4500 |
| 001 |
28449 |
| 008 |
141019s1988 nyu 000 1 eng d |
| 999 |
|
|
|c 32957
|d 32957
|
| 010 |
|
|
|a 2007282192
|
| 020 |
|
|
|a 9780307387141 (pbk.)
|
| 040 |
|
|
|a DLC
|c DLC
|d DLC
|d BD-DhAAL
|
| 050 |
0 |
0 |
|a PQ8180.17.A73
|b A813 2003
|
| 082 |
0 |
0 |
|a 823.912
|
| 100 |
1 |
|
|a García Márquez, Gabriel,
|d 1927-2014.
|9 40068
|
| 240 |
1 |
0 |
|a Amor en los tiempos del cólera.
|l English
|
| 245 |
1 |
0 |
|a Love in the time of cholera /
|c Gabriel García Márquez ; translated from the Spanish by Edith Grossman.
|
| 250 |
|
|
|a 1st Vintage International ed.
|
| 260 |
|
|
|a New York ;
|a New Delhi :
|b Penguin books,
|c 1988
|
| 300 |
|
|
|a 348 pages ;
|c 21 cm.
|
| 500 |
|
|
|a Translation of: El amor en los tiempos del cólera.
|
| 541 |
|
|
|a 28449
|
| 651 |
|
0 |
|a Colombia
|v Fiction.
|9 40069
|
| 700 |
|
|
|a Grossman, Edith.
|9 40070
|
| 852 |
|
|
|a Ayesha Abed Library
|c General Stacks
|
| 942 |
|
|
|2 ddc
|c BK
|
| 952 |
|
|
|0 0
|1 0
|4 0
|6 823_912000000000000_GAR
|7 0
|9 43892
|a BRACUL
|b BRACUL
|c GEN
|d 2014-10-21
|e Friends Book Corner
|g 140.00
|l 4
|m 62
|o 823.912 GAR
|p 3010028449
|r 2025-10-08
|s 2025-05-27
|t 1
|w 2014-10-21
|y BK
|x Transferred from BIL to BRACUL on 06/06/22
|